Communalism in India, History Politics and Culture (Record no. 8168)

MARC details
000 -LEADER
fixed length control field 00681nam a2200265 a 4500
020 ## - INTERNATIONAL STANDARD BOOK NUMBER
ISBN 8185425
082 00 - DEWEY DECIMAL CLASSIFICATION NUMBER
Classification number 305.6
Author Cutter PAN
100 ## - MAIN ENTRY--AUTHOR NAME
Author name Panikkar, K N
245 ## - TITLE STATEMENT
Title Communalism in India, History Politics and Culture
260 ## - PUBLICATION, DISTRIBUTION, ETC. (IMPRINT)
Place of publication New Delhi
Name of publisher Manohar Publisher
Year of publication 1991
300 ## - PHYSICAL DESCRIPTION
Number of Pages 28p
500 ## - GENERAL NOTE
General note includes index and biblioraphy
505 2# - FORMATTED CONTENTS NOTE
Formatted contents note Index
650 ## - SUBJECT ADDED ENTRY--TOPICAL TERM
Topical Term India-Communalism
650 ## - SUBJECT ADDED ENTRY--TOPICAL TERM
Topical Term Communalism-Babri Masjid.
650 ## - SUBJECT ADDED ENTRY--TOPICAL TERM
Topical Term Ramjanambhoomi
942 ## - ADDED ENTRY ELEMENTS (KOHA)
Koha item type Books
700 1# -
-- Panikkar, K N
Holdings
Collection code Home library Current library Date acquired Cost, normal purchase price Full call number Accession Number Koha item type
  Henry Martyn Institute Library Henry Martyn Institute Library 02/25/2013 220.00 305.6 PAN 014286 Books
                   Copyright © 2026 | Henry Martyn Institute | Hyderabad | TS-500052 | INDIA | Implemented by hmi.edu.in
Hit-Count:

Powered by Koha